000 00456nam a2200157 a 4500
001 000031953
005 20200930063316.0
008 110707s1950 dr 000 0 spa d
040 _aDO-SdBNP
_bspa
_cBNPHU
082 _axxxx
_bS462
245 0 0 _a6 poemas y 4 cartas de amor a una noruega.
246 0 3 _aSeis poemas y cuatro cartas de amor a una noruega
260 _a[Santo Domingo]. :
_b[s. n.],
_c[1950].
300 _a[18 p] ;
_c29 cm.
049 _aBNPD
999 _c31444
_d31444